000 00580nam a2200157 a 4500
001 000045737
005 20201002052421.0
008 150508s2014 dr abc 000 0 spa d
040 _aDO-SdBNP
_bspa
_cBNPHU
082 _axxxx
_bxxxx
245 0 0 _aHaití-República Dominicana :
_bcrisis migratoria, prensa e intereses hegemónicos /
_cintroducción Miguel Mejía.
260 _aSanto Domingo :
_bMIU,
_c2014.
300 _a36 p. :
_bil., mapas, retrs. ;
_c22 cm.
700 1 2 _aMejía, Miguel,
_eintrod.
_965767
710 2 2 _aMovimiento Izquierda Unida (MIU), República Dominicana
_973800
999 _c45226
_d45226